00739nam a2200253Ia 4500008004100000020001600041100002200057245003400079245002200113260001500135260002000150260000900170300001600179300003700195300001500232500006600247650003700313650003600350650001600386650002500402650002500427650002500452700000800477160803s9999 xx 000 0 und d a0 439328896 aWilcox, Charlotte aMummies, bones & body parts / cCharlotte Wilcox. aNew York : bScholastic Inc. c2000 a64 pages :  billustrations (chiefly color) ;  c21 x 24 cm aOriginally published: Minneapolis : Carolrhoda Books, ©2000. aFuneral rites and ceremonies --  aHuman remains (Archaeology) --  aMummies --  xJuvenile literature. xJuvenile literature. xJuvenile literature. a900